000 00864nam a22002417a 4500
001 48329
003 BD-RjUL
005 20211209054513.0
008 160813s2001 bg ||||| b||| 00| 0 ben d
020 _c : TK 130.00
035 _a(BD-RjUL)48448
040 _aBD-RjUL
_bben
_cBD-RjUL
041 _aben
082 _223
_a891.44209
_bBAM 2001
100 1 _aবালা, অমৃতলাল
_9146297
245 1 0 _aমশাররফ-মানস ও জমীদার দর্পণ /
_cঅমৃতলাল বালা
260 _aঢাকা :
_bনলেজ হোম,
_c২০০১.
300 _a১৮৬ পৃ. ;
_c২৩ সেমি .
504 _aসংযুক্ত গ্রন্থপঞ্জি
650 _aবাংলা নাটক
_vইতিহাস
_9145698
650 _aBangali drama
_vhistory
_9146298
942 _2ddc
_cBK
999 _c48329
_d48329